000 00637nam a22002057a 4500
003 OSt
005 20230831101809.0
008 221006b |||||||| |||| 00| 0 eng d
040 _cBiblioteca Lado V
082 _a708
_bG314s
100 _91007
_aGelabert, Florencio
_eautor
245 _aThe Seasons/
260 _bThe Harvest
_c1997
_aNew York
300 _c28x21.5cm
_a28p.
366 _espa
650 _2Tesauro de Arte & Arquitectura
_aARTE
_9703
650 _2Tesauro de Arte & Arquitectura
_aEXHIBICION
_9702
650 _2Tesauro de Arte & Arquitectura
_aCOLECCIÓN
_9702
942 _2ddc
_c1
_h708
_iG314s
_n0
999 _c4257
_d4257